| 000 | 00689cam a22002054a 4500 | ||
|---|---|---|---|
| 020 | _a0316316962 | ||
| 082 | 0 | 0 |
_a302 _bGLA |
| 100 | 1 |
_aGladwell, Malcolm, _914256 |
|
| 245 | 1 | 4 |
_aThe tipping point : _bhow little things can make a big difference _cMalcolm Gladwell. |
| 250 | _a1st ed. | ||
| 260 |
_aBoston : _bLittle, Brown, _cc2000. |
||
| 300 |
_aviii, 279 p. ; _c21 cm. |
||
| 526 |
_a0 _b0 _c0 _d302_000000000000000_GLA |
||
| 650 | 0 |
_aCausation. _951772 |
|
| 650 | 0 |
_aContagion (Social psychology) _951773 |
|
| 650 | 0 |
_aContext effects (Psychology) _934351 |
|
| 650 | 0 | _aSocial psychology. | |
| 856 | 4 | 2 | _uhttp://www.loc.gov/catdir/enhancements/fy0914/99047576-d.html |
| 942 |
_2ddc _cBK |
||
| 999 |
_c554321 _d554321 |
||